Book Reviews By Cat Quiz Stats

 Plays Quiz Updated Mar 7, 2012

Also try: Dr. Seuss Books
Challenge
Share
Tweet
Embed
Score 0/12 Timer 10:00
3 Plays Today
Review Title % Correct
Only the one cat, unfortunately, and he smiles way too much. On the other hand, the party sounded great; there was both a hare and a dormouse! I'd have to save one as leftovers.Alice's Adventures in Wonderland
89.2%
This book had the right idea, and I'd stage a coup right here except that I can't open food bags without thumbs. Still, too many pigs, and only the one cat (who isn't around much).Animal Farm
79.8%
What a stupid book. If she hadn't spent all her time carrying her dog, she could have gotten to the City twice as fast! Besides, she had a lion with her; why did she need a dog?The Wonderful Wizard of Oz
72.4%
Lots of people, but in spite of the title, no rodents at all. We don't even get to see Lennie's tasty-sounding rabbits. On the plus side: a dog dies!Of Mice and Men
65.2%
The title is totally false advertising! I thought this would be a how-to book, and instead it's about a Southern lawyer. And it's not a sin! They're tasty!To Kill a Mockingbird
62%
Too many owls and rats, especially considering they never get eaten. I liked the witch; she understands that a cat is a proper familiar. And Minerva is a strong feline role model.The Harry Potter series
58.1%
This book didn't make any sense at all. We cats never wear headgear, we don't associate with Things, and any self-respecting cat would have eaten the goldfish at the start.The Cat in the Hat
47.6%
Now this is excellent: a cat as a stand-in for Jesus. I was so sad when he got killed on that altar, I couldn't eat for minutes! (I'm glad he came back.)The Lion, the Witch, and the Wardrobe
43.7%
Totally unacceptable. Drawing the Nazis as cats? And the Americans as dogs? What a stupid comic book; there aren't even superheroes. (Like Catwoman. Mrowl.)Maus
27.6%
Oh, look, you're a bird. And you can fly. Bor-ring! You want a good book? There once was a bird named JLS, and I went down to the beach and ATE him. The end.Jonathan Livingston Seagull
15.3%
I appreciate any poet who loves cats this much. I'm not a Jellicle cat, myself, but I do have three names. Which I will now ponder. (Ommmmmm.)Old Possum's Book of Practical Cats
9.7%
Yeah, yeah, typing cockroach, how exciting. I want to hear more about the alley cat! Man, she's so right: toujours gai, toujours gaiarchy and mehitabel
3.8%

You're not logged in!

Compare scores with friends on all Sporcle quizzes.
Join for Free
OR
Log In

You Might Also Like...

Show Comments

Extras

Top Quizzes Today


Score Distribution

Your Account Isn't Verified!

In order to create a playlist on Sporcle, you need to verify the email address you used during registration. Go to your Sporcle Settings to finish the process.

Report this User

Report this user for behavior that violates our Community Guidelines.

Details: